Charging the Use of Global Commons (Registro nro. 8671)

Detalles MARC
000 -CABECERA
Campo de control 00809nam a22002537a 4500
005 - FECHA Y HORA DE LA ULTIMA TRANSACCION
Campo de control 20150126084617.0
008 - ELEMENTOS DE LONGITUD FIJA—INFORMACION GENERAL
Campo de control 140905|2002 xxu||||| |||| 00| 0 gw eng d
020 ## - ISBN
ISBN 3980758982
040 ## - FUENTE DE CATALOGACIÓN
Agencia catalogadora original CO-BoIAVH
Agencia transcriptora CO-BoIAVH
041 ## - IDIOMA
Código de idioma para texto/pista de sonido o título separado Inglés
044 ## - PAÍS DE PUBLICACIÓN
País de publicación Alemania
082 ## - NUMERO DE CLASIFICACION DECIMAL DEWEY
Número de clasificación 333.7
Número del ítem G72c
100 ## - ASIENTO PRINCIPAL--NOMBRE PERSONAL
Nombre personal Grabi, Harmut
245 ## - MENCION DE TITULO
Título Charging the Use of Global Commons
Mención de responsabilidad Hartmut, Grabi...(et al.)
260 ## - PUBLICACION, DISTRIBUCION, ETC. (PIE DE IMPRENTA)
Lugar de publicación, distribución, etc. Berlín
Nombre del editor, distribuidor, etc. German Advisory Council on Global Change-(WBGU)
Fecha de publicación, distribución, etc. 2002
300 ## - DESCRIPCION FISICA
Extensión 48 p.
Otros detalles físicos Tablas
Dimensiones 28 cm.
504 ## - NOTA DE BIBLIOGRAFIA, ETC.
Nota de bibliografía Incluye referencias bibliográficas (pag 45-48)
650 ## - ASIENTO SECUNDARIO DE MATERIA - TERMINO TEMATICO
Término temático o nombre geográfico como elemento de entrada Recursos Naturales
650 ## - ASIENTO SECUNDARIO DE MATERIA - TERMINO TEMATICO
Término temático o nombre geográfico como elemento de entrada Política Ambiental
650 ## - ASIENTO SECUNDARIO DE MATERIA - TERMINO TEMATICO
Término temático o nombre geográfico como elemento de entrada Economía Ambiental
700 ## - ASIENTO SECUNDARIO - NOMBRE PERSONAL
Nombre personal Kokott, Juliane
700 ## - ASIENTO SECUNDARIO - NOMBRE PERSONAL
Nombre personal Kulessa, Margareta
942 ## - ELEMENTOS ADICIONALES (KOHA)
Sistema de clasificación Dewey Decimal Classification
Tipo de ítem Libro
Existencias
Withdrawn status Lost status Sistema de Clasificación Damaged status No para préstamo Colección Inventariado Ubicación Permanente Ubicación actual Fecha de adquisición Fuente de Valor Valor Total Checkouts Número topográfico Inventario / Código de Barras Date last seen Ejemplar Price effective from Forma de adquisición Tipo de material
    Dewey Decimal Classification     General Inventariado 2017 Bogotá Bogotá 05/09/2014 Instituto 15000.00   LB-333.7 G72c 034121 05/09/2014 Ej. 1 05/09/2014   Libro